Rājāji. (Record no. 84557)

MARC details
000 -LEADER
fixed length control field 00553cam a22002171 4500
001 - CONTROL NUMBER
control field sa 68012504
003 - CONTROL NUMBER IDENTIFIER
control field DLC
005 - DATE AND TIME OF LATEST TRANSACTION
control field 20260227112611.0
008 - FIXED-LENGTH DATA ELEMENTS--GENERAL INFORMATION
fixed length control field 900102s1968 ii ac 000 0 tamo
010 ## - LIBRARY OF CONGRESS CONTROL NUMBER
LC control number sa 68012504
035 ## - SYSTEM CONTROL NUMBER
System control number (OCoLC)20837974
040 ## - CATALOGING SOURCE
Original cataloging agency DLC
Transcribing agency WaU
Modifying agency DLC
042 ## - AUTHENTICATION CODE
Authentication code premarc
050 00 - LIBRARY OF CONGRESS CALL NUMBER
Classification number DS481.R27
Item number M8
100 1# - MAIN ENTRY--PERSONAL NAME
Personal name Murthy, V. K.,
Dates associated with a name 1926-
245 10 - TITLE STATEMENT
Title Rājāji.
260 ## - PUBLICATION, DISTRIBUTION, ETC.
Date of publication, distribution, etc. [1968]
300 ## - PHYSICAL DESCRIPTION
Extent viii, 255 p.
Other physical details illus., ports.
Dimensions 18 cm.
500 ## - GENERAL NOTE
General note In Tamil.
700 1# - ADDED ENTRY--PERSONAL NAME
Personal name Rajagopalachari, C.
Fuller form of name (Chakravarti),
Dates associated with a name 1878-1972.

No items available.

Powered by Koha